Guess the name! {Anime} - Statistics

General Stats
  • This quiz has been taken 1,580 times
  • The average score is 10 of 16
Answer Stats
Picture Answer % Correct
Light
95%
Deku
84%
Tanjiro
84%
saitama
82%
Luffy
79%
naruto
78%
Eren
76%
Goku
75%
Gon
61%
nezuko
60%
Itachi
49%
ichigo
43%
Thorfinn
43%
conan
36%
Askeladd
21%
Tom
5%
No matching quizzes found
Score Distribution
Percent of People with Each Score
Percentile by Number Answered
Your Score History
You have not taken this quiz